000 00344nam a2200145Ia 4500
008 230917s9999||||xx |||||||||||||| ||und||
040 _e40796
_aMAIN
041 _aEnglish
082 _a823.09 M896S
100 _aMuir, Edwin
245 0 _aStructure of the novel
260 _aLondon
_bHogarth Press
_c1963
300 _a151 p.
942 _cBK
999 _c177960
_d177960